000 00651cam a22002291 4500
001 sa 68007514
003 DLC
005 20260227112523.0
008 890623s1968 ii 000 1 hino
010 _asa 68007514
035 _a(OCoLC)19917942
040 _aDLC
_cWaU
_dNRU
_dDLC
042 _apremarc
050 0 0 _aPK2098.B295
_bI8
100 1 _aBaijal, Shiam Narain,
_d1913-
245 1 0 _aIsa hammāma meṃ saba naṅge haiṃ. [Lekhaka] Śyāmanārāyaṇa Baijala.
250 _a[1. saṃskaraṇa.
260 _aBarelī]
_bPāravatī Prakāśana
_c[1968]
300 _a111 p.
_c19 cm.
500 _aIn Hindi.
500 _aShort stories.
999 _c81862
_d81862